000 00651nam a2200217Ia 4500
005 20230818114820.0
008 210716s2016 xx 000 0 und d
020 _a9788120352209
040 _cAIMIT LIBRARY
041 _aeng
082 _a363.34
_21
_bSULM
100 _aSulphey, M M.
_9130186
245 _aDisaster management /
_cBy Sulphey, M M.
250 _a1st ed.
260 _aNew Delhi :
_bPHI Learning Pvt Ltd ,
_c2016.
300 _axviii,330p. ;
_bPB
_c23.3 cm.
650 _aGeneral Management
_9130187
651 _aSystems of earth
_9130188
651 _aDisaster and disaster management
_9130189
942 _2ddc
_cBK
_k363.34 SULM
999 _c209840
_d209840